| 000 | 00000nam 2200000zi 4500 |
| 001 | 9.940058 |
| 003 | CaOODSP |
| 005 | 20251031142449 |
| 006 | m o d f |
| 007 | cr cn |||||||| |
| 008 | 240702t20242024oncdb ob f000 0 eng d |
| 020 | |a9780660725987 |
| 040 | |aCaOODSP|beng|erda|cCaOODSP |
| 043 | |an-cn--- |
| 086 | 1 |aM183-2/9191E-PDF |
| 100 | 1 |aKessel, E. D., |eauthor. |
| 245 | 10|aCanada1Water classification of the National Hydro Network : |bstream order and graph refinement / |cE.D. Kessel, S.K. Frey, and H.A.J. Russell. |
| 246 | 3 |aCanada 1 Water classification of the National Hydro Network |
| 264 | 1|a[Ottawa] : |bGeological Survey of Canada, |c2024. |
| 264 | 4|c©2024 |
| 300 | |a1 online resource (13 pages) : |bcharts, maps. |
| 336 | |atext|btxt|2rdacontent |
| 337 | |acomputer|bc|2rdamedia |
| 338 | |aonline resource|bcr|2rdacarrier |
| 490 | 1 |aOpen file, |x2816-7155 ; |v9191 |
| 504 | |aIncludes bibliographical references (page 13). |
| 520 | |a"This report documents the processes completed to upgrade the topological and graph network support for NHN and provide continuous connectivity with US datasets. It also highlights and corrects a number of stream density and stream order issues that occur within Canada across provincial and territorial borders and NTS tiles"--Abstract, page 1. |
| 650 | 0|aHydrologic models|zCanada. |
| 650 | 0|aRivers|xClassification. |
| 650 | 6|aModèles hydrologiques|zCanada. |
| 650 | 6|aCours d'eau|xClassification. |
| 710 | 2 |aGeological Survey of Canada, |eissuing body. |
| 830 | #0|aOpen file (Geological Survey of Canada)|x2816-7155 ; |v9191.|w(CaOODSP)9.506878 |
| 856 | 40|qPDF|s9.58 MB|uhttps://publications.gc.ca/collections/collection_2025/rncan-nrcan/m183-2/M183-2-9191-eng.pdf |
| 856 | 4 |qHTML|sN/A|uhttps://doi.org/10.4095/pyc51h1rm4 |